000 006630000a22001810004500
003 MACL
005 20160507160913.0
008 160507b xxu||||| |||| 00| 0 eng d
040 _aMACL
_cMACL
041 _aHindi
082 _a800 TRI
100 _aत्रिपाठी, प्रकाश
_955623
245 _aविष्‍णुकान्‍त शास्‍त्री सृजन के आयाम
_cप्रकाश त्रिपाठी
260 _aइलाहाबाद
_bगंगा पब्लिकेशन्‍स
_c2010
350 _a450
650 _aसाहित्‍य
_955624
942 _cHIN
_k800/TRI
_2ddc
999 _c47683
_d47683